La ciudad de los césares

Сохранить в:
Библиографические подробности
Главный автор: Rojas, Manuel (Автор)
Формат:
Язык:испанский
Опубликовано: Santiago Zig-Zag 2011
Редактирование:47a. ed
Серии:Novela
Предметы:
Метки: Добавить метку
Нет меток, Требуется 1-ая метка записи!

MARC

LEADER 00000cam a2200000 a 4500
001 UCC3904
003 CL-VaPUC
008 180622e20110400cl |||||||||||||||||spa|d
020 |a 9789561214200 
082 0 4 |a Ch863  |b ROJ  |2 21 
100 0 |a Rojas, Manuel  |e author  |9 313776 
245 1 3 |a La ciudad de los césares 
250 |a 47a. ed 
300 |a 183 p 
942 |c BK 
945 |d 20180622 13:48:00  |a arojas 
260 |a Santiago  |b Zig-Zag  |c 2011 
650 0 |a Novelas chilenas   |9 265425 
650 0 |a Literatura chilena   |9 308278 
583 |a last modification  |c 20180622 13:48:00  |k Rodrigo Vera 
490 0 |a Novela 
999 |c 371552  |d 371550